Sherlock Holmes Stories Quiz Stats

 Plays Quiz Updated Apr 8, 2019

Score 0/60 Timer 10:00
8 Plays Today
Year Story or Novel % Correct
1901The Hound of the Baskervilles
88.7%
1887A Study in Scarlet
83.7%
1890The Sign of Four
74.6%
1891A Scandal in Bohemia
68.9%
1891The Red-Headed League
68.8%
1893The Final Problem
65.6%
1892The Adventure of the Speckled Band
65.1%
1891The Five Orange Pips
60.4%
1892The Adventure of the Blue Carbuncle
58.8%
1892Silver Blaze
57.8%
1903The Adventure of the Empty House
56.9%
1915The Valley of Fear
54.8%
1903The Adventure of the Dancing Men
53.9%
1917His Last Bow
52.8%
1893The Greek Interpreter
52.8%
1893The Naval Treaty
52.1%
1893The Yellow Face
51.7%
1891The Man With the Twisted Lip
51.7%
1892The Adventure of the Copper Beeches
51.1%
1892The Adventure of the Engineer's Thumb
50.7%
1893The Crooked Man
48.8%
1893The Musgrave Ritual
48.4%
1903The Adventure of the Solitary Cyclist
48.3%
1904The Adventure of the Six Napoleons
47.8%
1891A Case of Identity
47.6%
1893The Gloria Scott
46.6%
1892The Cardboard Box
46.4%
1891The Boscombe Valley Mystery
43.2%
1892The Adventure of the Noble Bachelor
42.7%
1892The Adventure of the Beryl Coronet
42.7%
Year Story or Novel % Correct
1903The Adventure of the Norwood Builder
42.6%
1904The Adventure of the Second Stain
42.3%
1904The Adventure of Black Peter
42.3%
1904The Adventure of the Three Students
41.7%
1913The Adventure of the Dying Detective
41.1%
1893The Resident Patient
40.9%
1903The Adventure of the Priory School
40.6%
1926The Adventure of the Lion's Mane
40.1%
1924The Adventure of the Sussex Vampire
39.4%
1893The Reigate Puzzle
39.2%
1904The Adventure of Charles Augustus Milverton
38.6%
1911The Adventure of the Red Circle
38.1%
1922The Problem of Thor Bridge
38%
1910The Adventure of the Devil's Foot
38%
1912The Adventure of the Bruce-Partington Plans
38%
1904The Adventure of the Abbey Grange
36.8%
1904The Adventure of the Golden Pince-Nez
36.6%
1908The Adventure of Wisteria Lodge
36.5%
1893The Stockbroker's Clerk
36.4%
1924The Adventure of the Three Garridebs
35.8%
1926The Adventure of the Three Gables
35.2%
1923The Adventure of the Creeping Man
35.2%
1904The Adventure of the Missing Three-Quarter
34.6%
1911The Disappearance of Lady Frances Carfax
32.5%
1921The Adventure of the Mazarin Stone
32.4%
1924The Adventure of the Illustrious Client
32.3%
1927The Adventure of Shoscombe Old Place
32.2%
1927The Adventure of the Veiled Lodger
31.4%
1926The Adventure of the Retired Colourman
30.8%
1926The Adventure of the Blanched Soldier
30.3%

You're not logged in!

Compare scores with friends on all Sporcle quizzes.
OR
Log In

Show Comments

Extras

Top Quizzes Today


Score Distribution

Your Account Isn't Verified!

In order to create a playlist on Sporcle, you need to verify the email address you used during registration. Go to your Sporcle Settings to finish the process.

Report this User

Report this user for behavior that violates our Community Guidelines.

Details: